000 00305nam a22001337a 4500
008 210303b ||||| |||| 00| 0 eng d
020 _a9780495030508
041 _aeng
080 _28th
_a159.9
100 _a48
101 _aPSI
245 _aPsychology Applied to Work
_cMarchese,C.M
942 _2udc
_cBK
999 _c55594
_d55594